1. Modelovanie voľného kmitania nosníkov pri stiesnenom krútení softvérom ANSYS
Gespeichert in:
| 1. Verfasser: | |
|---|---|
| Weitere Verfasser: | |
| Format: | Manuskript Buch |
| Sprache: | Slowakisch |
| Veröffentlicht: |
2016
|
| Schlagworte: | |
| Online-Zugang: | http://is.stuba.sk/zp/portal_zp.pl?podrobnosti=131489 |
| Tags: |
Keine Tags, Fügen Sie das erste Tag hinzu!
|
MARC
| LEADER | 00000ntm a22000003a 4500 | ||
|---|---|---|---|
| 001 | stuzp59432 | ||
| 003 | SK-STU | ||
| 005 | 20160719155839.9 | ||
| 007 | ta | ||
| 008 | 150427s2015----xo-----f-mn---000-0-slo-d | ||
| 040 | |a STU |b slo | ||
| 041 | 0 | |a slo | |
| 100 | 1 | |a Vančišin, Ján |u 030400 |4 aut |U FEI Fakulta elektrotechniky a informatiky |T FEI Ústav automobilovej mechatroniky |X 56692 |U E400 |Y 642 |7 56692 | |
| 242 | 0 | 1 | |a 1. Modeling free oscillation at warping torsion by software ANSYS |y eng |
| 245 | 1 | 0 | |a 1. Modelovanie voľného kmitania nosníkov pri stiesnenom krútení softvérom ANSYS |
| 260 | |c 2016 | ||
| 650 | 4 | |a vlastná frekvencia |2 slo | |
| 650 | 4 | |a vlastný tvar |2 slo | |
| 650 | 4 | |a modálna analýza |2 slo | |
| 650 | 4 | |a Saint-Venantové krútenie |2 slo | |
| 650 | 4 | |a stiesnené krútenie |2 slo | |
| 650 | 4 | |a 3D solid konečný prvok SOLID 186 |2 slo | |
| 650 | 4 | |a nosníkový konečný prvok BEAM 188 |2 slo | |
| 650 | 4 | |a škrupinový konečný prvok SHELL 181 |2 slo | |
| 650 | 4 | |a beam finite elements BEAM 188 |2 eng | |
| 650 | 4 | |a torsional eigenfrequencies and eigenmodes |2 eng | |
| 650 | 4 | |a modal analysis |2 eng | |
| 650 | 4 | |a Saint-Venant torsion |2 eng | |
| 650 | 4 | |a warping torsion |2 eng | |
| 650 | 4 | |a shell finite elements SHELL 181 |2 eng | |
| 650 | 4 | |a 3D solid finite elements SOLID 186 |2 eng | |
| 700 | 1 | |a Murín, Justín |u 030400 |k Z1 |4 ths |U FEI Fakulta elektrotechniky a informatiky |T FEI Ústav automobilovej mechatroniky |X 1830 |U E400 |Y 642 |7 A000001830 | |
| 856 | 4 | |u http://is.stuba.sk/zp/portal_zp.pl?podrobnosti=131489 | |
| SQL | |a stuzp59432 |b DBP |c SLO |d 1. Modelovanie voľného kmitania nosníkov pri stiesnenom krútení softvérom ANSYS |e 56692 |f Vančišin, Ján |g 030400 |h 1830 |i Murín, Justín |j 20160623 |k 1269 |l 01 |m http://is.stuba.sk/zp/portal_zp.pl?podrobnosti=131489 |n B-MAPM |o 9.1.9. aplikovaná matematika | ||